| 000 | 00830cam a22002773a 4500 | ||
|---|---|---|---|
| 001 | 18352 | ||
| 003 | PGUSA | ||
| 005 | 20140828083406.0 | ||
| 008 | 060508s2006||||xxu|||||s|||||000 1 eng d | ||
| 040 |
_aPGUSA _beng |
||
| 042 | _adc | ||
| 050 | 4 | _aPS | |
| 050 | 4 | _aPZ | |
| 100 | 1 |
_aCurtis, Charles A. _q(Charles Albert), _d1835-1907 |
|
| 245 | 1 | 0 |
_aCaptured by the Navajos _h[electronic resource] / _cCharles A. Curtis |
| 260 |
_bProject Gutenberg, _c2006 |
||
| 506 | _aPublic domain in the USA. | ||
| 516 | _aElectronic text | ||
| 653 | _aIndian captivities -- Fiction | ||
| 653 | _aNavajo Indians -- Fiction | ||
| 653 | _aWestern stories | ||
| 653 | _aNew Mexico -- History -- Civil War, 1861-1865 -- Fiction | ||
| 830 | 0 |
_aProject Gutenberg _v18352 |
|
| 856 | 4 | 0 | _uhttp://www.gutenberg.org/ebooks/18352 |
| 942 | _cEB | ||
| 999 |
_c247607 _d247607 |
||